| 000 | 00948nas a2200301 4500 | ||
|---|---|---|---|
| 001 | BR7903505 | ||
| 003 | BR-BrBNA | ||
| 005 | 20231205083755.0 | ||
| 007 | ta | ||
| 008 | 230509b bl.|||p| |||| 00| 00por d | ||
| 040 |
_aBR-BrBNA _bpor _cBiblioteca Nacional de Agricultura |
||
| 041 | _a(Pt) | ||
| 072 | _aL30 | ||
| 100 | 1 | _aSilvestre, J.R.A. | |
| 100 | 1 | _aSilva, J.F.C. da | |
| 100 | 1 | _aCastro, A.C.G. | |
| 100 | 1 | _aCardoso, R.M. | |
| 245 | 1 |
_aSubstituicao do farelo de algodao pela farinha de sangue, em racoes para novilhas mesticos em regime de confinamento _bParte de tese |
|
| 650 | _aNUTRICAO ANIMAL | ||
| 650 | _aGADO MESTICO | ||
| 650 | _aRACAO | ||
| 650 | _aCONFINAMENTO | ||
| 650 | _aNOVILHO | ||
| 650 | _aFARINHA DE SANGUE | ||
| 773 | 0 |
_tRevista da Sociedade Brasileira de Zootecnia (Brazil) _xISSN 0100-4859 _g(1979), v. 8(2) p. 171-182 _wBR7903505 |
|
| 909 |
_a202311 _bLúcia _c55 _dLúcia Elande |
||
| 942 |
_2AGRIS _n0 _cANA |
||
| 999 |
_c101096 _d101096 |
||